Europe in ARMS (Record no. 542428)

000 -LEADER
fixed length control field 00334nam a2200121 4500
082 ## - DEWEY DECIMAL CLASSIFICATION NUMBER
Classification number 355.0094
Author Mark HAR
-- L-28, P-12
245 ## - TITLE STATEMENT
Title Europe in ARMS
Statement of responsibility, etc. Hart, Liddell
260 ## - PUBLICATION, DISTRIBUTION, ETC.
Place of publication, distribution, etc. London
Name of publisher, distributor, etc. Faber and faber ltd
300 ## - PHYSICAL DESCRIPTION
Extent x, 362 p :
Other physical details ill, ;
Dimensions 20 cm
Accompanying material MCE
526 ## - STUDY PROGRAM INFORMATION NOTE
Program name 0
Interest level 0
Reading level 0
Title point value 355_009400000000000_HAR
650 ## - SUBJECT ADDED ENTRY--TOPICAL TERM
Topical term or geographic name entry element MCE
9 (RLIN) 379
942 ## - ADDED ENTRY ELEMENTS (KOHA)
Source of classification or shelving scheme
Koha item type Book
Holdings
Withdrawn status Lost status Source of classification or shelving scheme Damaged status Not for loan Permanent Location Current Location Date acquired Total Checkouts Full call number Barcode Date last seen Copy number Price effective from Koha item type
          Military College of Engineering (MCE) Military College of Engineering (MCE) 12/20/2013   355.0094 HAR MCE-40114 12/20/2013 1 12/20/2013 Book
© 2023 Central Library, National University of Sciences and Technology. All Rights Reserved.